[Event "NOR-chT Clubs"]
[Site "Drammen"]
[Date "2022.05.26"]
[Round "2"]
[White "Olsen, Rudi B"]
[Black "Myhre, Asbjorn"]
[Result "0-1"]
[WhiteElo "1319"]
[BlackElo "1736"]
[PlyCount "70"]
[EventDate "2022.05.26"]
[EventType "team-swiss"]
[EventRounds "6"]
[EventCountry "NOR"]
[SourceTitle "EXT 2024"]
[Source "ChessBase"]
[SourceDate "2023.10.10"]
[SourceVersion "1"]
[SourceVersionDate "2023.10.10"]
[SourceQuality "1"]
[WhiteTeam "Groruddalen"]
[BlackTeam "Arendal"]
[WhiteTeamCountry "NOR"]
[BlackTeamCountry "NOR"]

1. d4 d5 2. Bf4 Nf6 3. e3 e6 4. Nf3 Be7 5. Bd3 0-0 6. c3 Nbd7 7. Qc2 c5 8. Nbd2 c4 9. Be2 b5 10. e4 dxe4 11. Nxe4 Bb7 12. Nd6 Bc6 13. 0-0 Nb6 14. Nxf7 Rxf7 15. Ne5 Bd5 16. Nxf7 Kxf7 17. b3 Kg8 18. bxc4 Nxc4 19. a4 a6 20. axb5 axb5 21. Rxa8 Qxa8 22. Re1 Bxg2 23. Qd3 Be4 24. Qd1 Bf5 25. Bf3 Qe8 26. d5 Nb2 27. Qd2 Nd3 28. Rf1 Nxf4 29. Qxf4 Qg6+ 30. Kh1 Nxd5 31. Qb8+ Kf7 32. Bxd5 exd5 33. Qxb5 Qe6 34. Rd1 Be4+ 35. Kg1 Qg4+ 0-1